000 00676nam a2200289Ia 4500
005 20260324141935.0
008 008 260324s9999 xx 000 0 eng d
020 _a9781315805351
037 _aEBOOK
040 _aCRL
040 _beng
040 _cCRL
041 _2eng
041 _aeng
084 _qCRL
100 _aWarren S. Walker; Carl Lindahl
_91210087
245 2 _aA Turkish Folktale
245 4 _bThe Art of Behet Mahir
260 _bTaylor and Francis
260 _c1996
365 _a
365 _b145
856 _uhttp://www.taylorfrancis.com/books/9781315805351
942 _cEBOOK
999 _c1813715
_d1813715